Najmniej konkurencyjne ligi Europy - Statystyki

Ogólne statystyki
  • Ten quiz został rozwiązany 26 razy
  • Średni wynik to 6 z 9
Statystyki odpowiedzi
Mistrowie Odpowiedź % Poprawnych
2 Chorwacja
84%
2 Ukraina
84%
1 Bułgaria
80%
2 Serbia
80%
2 Austria
76%
2 Szkocja
64%
2 Walia
56%
2 Gibraltar
36%
2 Azerbejdżan
28%
Nie znaleziono quizów pasujących do podanych kryteriów
Rozkład punktacji
Procent ludzi z każdym wynikiem
Percentyl według liczby udzielonych odpowiedzi
Twoja historia wyników
Nie rozwiązałeś tego quizu